| Registos Bibliográficos associados ao registo de autoridade |
|
Etiqueta de registo: 00000nam 2200025 450 001 2284879 003 http://id.bnportugal.gov.pt/bib/catbnp/2284879 010 ## $a978-989-595-018-8 021 ## $aPT$b561540/26 100 ## $a20260421d2026 m y0pory01030103ba 101 0# $apor 102 ## $aPT 105 ## $aa z 000yy 106 ## $ar 200 1# $aMulheres, terra e revolução$e o 25 de Abril visto pelas mulheres rurais$fCecília Honório, Rita Calvário 205 ## $a1ª ed 210 #9 $aLisboa$cTinta-da-China,$d2026 215 ## $a373, [2] p.$cil.$d21 cm 675 ## $a316.346-055.2(469-22)"1940/1974"(091)$vBN$zpor$31999718 675 ## $a323.2-055.2(469-22)"1940/1974"(091)$vBN$zpor$31999719 675 ## $a316.375-055.2(469-22)"1940/1974"(091)$vBN$zpor$31999720 700 #1 $aHonório,$bCecília,$f1962-$31195612 701 #1 $aCalvário,$bRita,$f1978-$4070$31996423 801 #0 $aPT$bBN$gRPC 856 41 $uhttp://rnod.bnportugal.gov.pt/ImagesBN/winlibimg.aspx?skey=&doc=2284879&img=222819&save=true 900 ## $aBIBNAC$d20260616 966 ## $lBN$mFGMON$sS.C. 169271 V.$x1 966 ## $lBN$mFGMON$sS.C. 169271 V.-D$x1 971 ## $corlando$d20260421 972 ## $e0$z0$d20260616$vasantos 973 ## $caalmeid$d20260529 975 ## $e0$d20260618$viquintas
|
|
|